000 00332nam a22001457a 4500
008 210312b ||||| |||| 00| 0 eng d
020 _a9780132994842
041 _aeng
080 _211th
_a330.101.542
082 _211th
_a330.101.542
100 _a52
101 _aMIKRO
245 _aMicroeconomics
_cParkin,M
942 _2udc
_cBK
999 _c56555
_d56555